000
00211nam a22000857a 4500
008
160823b xxu||||| |||| 00| 0 eng d
100
_9
219
_a
Batra A
245
_a
Hindi Grammar
260
_a
New Delhi
_b
Ananda publication
999
_c
2876
_d
2876